[Event "NOR-chT Eliteserien 2021-22"]
[Site "Norway"]
[Date "2022.02.04"]
[Round "4.3"]
[White "Tisdall, Jonathan D"]
[Black "Hammer, Jon Ludvig"]
[Result "0-1"]
[WhiteElo "2414"]
[BlackElo "2613"]
[Annotator "TA"]
[PlyCount "68"]
[EventDate "2021.10.29"]
[EventType "team-tourn"]
[EventCountry "NOR"]
[SourceTitle "playchess.com"]
[Source "ChessBase"]
[SourceQuality "1"]

{[%evp 19,68,12,33,11,35,13,14,-4,-8,0,0,-13,0,0,22,-18,0,0,23,-20,-28,-33,-26,-32,-22,-30,-27,-39,-26,-109,-123,-109,-116,-116,-60,-63,-60,-63,-66,-61,-52,-310,-105,-810,-805,-828,-829,-593,-586,-1413,-865]} 1. d4 d5 2. c4 e6 3. Nc3 Nf6 4. cxd5 exd5 5. Bg5 c6 6. Qc2 Be7 7. e3 Nbd7 8. Bd3 Nh5 9. Bxe7 Qxe7 10. Nge2 Nb6 $1 {[%mdl 4] is now more promising than 10...g6.} 11. h3 {D36: Queen's Gambit Declined: Exchange Variation: Main line (5 Bg5 c6 6 Qc2).} Bd7 $5 {[%mdl 4] Leaves trodden paths.} 12. g4 Nf6 13. O-O-O {The position is equal.} O-O-O 14. Kb1 Kb8 {[#]} 15. Ng3 $146 ({Predecessor:} 15. a4 Nc8 16. a5 Nd6 17. a6 b6 18. Ng3 Rhe8 19. Rc1 Nfe4 20. Nh5 g6 21. Nf4 {½-½ (46) Tabatabaei,M (2643)-Pranav,A (2416) Sitges 2021}) 15... Ne8 16. Rde1 ({Don't play} 16. Bxh7 g6 17. Bxg6 fxg6 18. Qxg6 Nd6 $17) 16... Qh4 17. Ka1 Nd6 18. a4 Rhe8 19. b3 (19. a5 $142 Nbc4 20. a6) 19... g6 20. a5 Na8 21. Na4 Nc7 22. Nc5 Bc8 23. Kb2 Rf8 24. Rc1 {[#]} (24. Ref1 $11) 24... f5 $1 $17 25. gxf5 gxf5 {[%cal Bg6f5,Bf5f4,Bf4g3][%mdl 32]} 26. a6 b6 ({Better is} 26... bxa6 $17 27. Qd2 f4) 27. Nb7 $1 $15 Bxb7 28. axb7 f4 29. Qxc6 {[%csl Gc1][%cal Rc6c7] [#]} Rf7 {The board is on fire.} 30. Ra1 $2 {[%mdl 8192]} Nxb7 $2 ({Worse is} 30... fxg3 31. Rxa7 Rxf2+ 32. Bc2 Kxa7 33. Qxc7 Rxc2+ 34. Kxc2 Qe4+ 35. Kd2 Qg2+ 36. Kd3 Qe4+ 37. Kd2 Qg2+ 38. Kd3 Qe4+ 39. Kd2 $11) (30... Rf6 $19 {[%cal Od6c4] White must now prevent ...Nc4+!} 31. Qa4 a5 32. exf4 (32. Ne2 Qxf2 33. exf4 Re6 $19) 32... Qxf4) 31. Rxa7 $4 {[%mdl 8192]} Kxa7 $19 {Black is clearly winning.} 32. Ra1+ Kb8 33. Qxb6 fxg3 34. Ra7 {[%csl Ga7][%cal Rb6b7]} Ne8 {Weighted Error Value: White=0.72/Black=0.17 (very precise)} 0-1

[Event "NOR-chT Eliteserien 2021-22"]
[Site "Norway"]
[Date "2022.02.04"]
[Round "4.3"]
[White "Risting, Eivind Olav"]
[Black "Haug, Johannes"]
[Result "1/2-1/2"]
[WhiteElo "2311"]
[BlackElo "2478"]
[Annotator "TA"]
[PlyCount "90"]
[EventDate "2021.10.29"]
[EventType "team-tourn"]
[EventCountry "NOR"]
[SourceTitle "playchess.com"]
[Source "ChessBase"]
[SourceQuality "1"]

{[%evp 12,90,22,24,16,18,20,18,47,34,29,16,29,-9,-11,-6,-4,-55,-17,-27,-20,-23,-18,-24,-17,-20,-22,-40,-39,-35,-14,-28,-17,-21,-18,-37,-33,-52,-12,-23,-28,-25,-26,-82,-36,-43,-23,-35,-33,-35,-37,-39,-23,-27,-8,-18,0,0,0,-20,-20,-20,0,0,0,0,0,0,0,0,0,0,0,0,0,0,0,0,0,0,0]} 1. d4 e6 2. c4 Bb4+ 3. Bd2 a5 4. Nf3 Nf6 5. g3 d5 6. Qc2 O-O $1 {[%mdl 4] now scores much better than the old 6...Nc6.} 7. Bg2 Be7 {E11: Bogo-Indian.} 8. O-O c6 9. Bf4 h6 10. Rd1 Nbd7 11. b3 (11. Ne5 {with more complications.} Nh5 12. Be3 Nhf6 13. f3 dxc4 14. Nxc4 Nd5 15. Bf2) 11... b5 {[#]} 12. cxb5 $146 ({Predecessor:} 12. Ne5 Nxe5 13. dxe5 Nd7 14. cxd5 cxd5 15. e4 d4 16. Rxd4 Qb6 17. Rd1 Bc5 18. h4 {½-½ (44) Laznicka,V (2647)-Keymer,V (2591) Tornelo INT 2021}) 12... cxb5 13. Bc7 {To avoid Qb6} Qe8 14. Nbd2 ({Better is} 14. Rc1 $11) 14... Bb7 {[#] aiming for ...Rc8.} (14... Ba6 $5 {[%cal Re8c8]}) 15. Qb2 $1 Ra6 {[%cal Ba8a6,Ba6c6,Bc6c7][%mdl 32]} 16. Rac1 Qa8 17. Ne5 Rc8 {[%cal Od7c5]} 18. Bf1 Nf8 {[#] ...Ne8 is the strong threat.} 19. Nd3 Rc6 20. Be5 Ng4 21. h3 Nxe5 22. Nxe5 R6c7 23. e3 b4 24. Nb1 a4 25. bxa4 Qxa4 26. Rxc7 Rxc7 27. Rd2 (27. Rc1 $11 Rxc1 28. Qxc1) 27... Bc8 (27... Bd6 $17) 28. Bd3 Nd7 29. Nxd7 (29. Rc2 {keeps more tension.} Rxc2 30. Bxc2 Qa8 31. Nxd7 Bxd7 32. Bd3) 29... Bxd7 30. Rc2 Rxc2 31. Qxc2 Qa7 32. Kg2 Bf6 33. Nd2 {The position is equal.} e5 34. dxe5 Bxe5 35. h4 g6 36. Nf3 Bg7 37. h5 gxh5 38. Bh7+ Kf8 39. Bf5 Bf6 40. Bxd7 Qxd7 41. Qc5+ Be7 $1 42. Qd4 {[%cal Rd4h8]} Kg8 {Prevents Qh8+.} 43. e4 h4 $1 44. exd5 hxg3 45. fxg3 Qd6 {Weighted Error Value: White=0.09 (flawless) /Black=0.08 (flawless)} 1/2-1/2

[Event "NOR-chT Eliteserien 2021-22"]
[Site "Norway"]
[Date "2022.02.04"]
[Round "4.3"]
[White "Tryggestad, Andreas Garberg"]
[Black "Mikalsen, Erlend"]
[Result "0-1"]
[WhiteElo "2273"]
[BlackElo "2368"]
[Annotator "TA"]
[PlyCount "136"]
[EventDate "2021.10.29"]
[EventType "team-tourn"]
[EventCountry "NOR"]
[SourceTitle "playchess.com"]
[Source "ChessBase"]
[SourceQuality "1"]

{[%evp 19,136,5,33,33,35,34,35,35,35,31,37,30,27,28,39,44,55,41,41,43,50,41,49,0,0,0,0,0,10,0,122,141,125,141,141,141,145,148,143,112,234,221,237,216,265,262,269,269,352,318,322,191,272,272,308,281,422,323,314,325,312,72,74,0,312,287,295,301,320,316,299,266,266,266,259,232,254,222,341,242,337,337,287,310,319,281,340,320,404,421,406,413,406,399,406,404,447,443,467,433,445,428,695,409,619,605,592,566,471,180,430,0,0,0,0,0,0,0,0]} 1. d4 {CB} Nf6 2. c4 e6 3. Nf3 d5 4. Nc3 Be7 5. Bg5 h6 6. Bxf6 Bxf6 7. e3 O-O 8. Qc2 c5 9. dxc5 dxc4 10. Bxc4 Qa5 11. O-O {D55: Queen's Gambit Declined: 4 Bg5 Be7: Lines without ...h6 and 6...h6 7 Bxf6.} Bxc3 12. Qxc3 Qxc3 13. bxc3 {White is slightly better.} Nd7 14. c6 bxc6 15. Rfd1 Nb6 16. Bf1 Bb7 17. a4 {[%cal Ba2a4,Ba4a5][%mdl 32]} c5 18. a5 Bxf3 19. gxf3 Nd5 {[#]} 20. Bc4 $146 {[%mdl 2048] White is more active.} ({Predecessor:} 20. e4 Nf6 21. Rd6 Rfd8 22. Rad1 Rxd6 23. Rxd6 Rc8 24. Bb5 g5 25. Kf1 Kf8 26. Ke2 {1-0 (73) Zhukova,N (2471)-Guo,Q (2435) Astana 2013 CBM 153 Extra [CB]}) 20... Rfd8 21. Rab1 (21. Bxd5 $14 exd5 22. Rab1) 21... Nxc3 $11 22. Rxd8+ Rxd8 {[%mdl 4096] Endgame KRB-KRN} 23. Rb7 a6 24. Rb6 Nd5 (24... Rd1+ $11 25. Kg2 Ra1) 25. Rxa6 $16 Nb4 {To avoid Rc6} 26. Rb6 g5 27. a6 {Threatens to win with a7.} Ra8 28. Kg2 Kg7 29. Kg3 Kg6 (29... Kf6 $16 {keeps fighting.} 30. f4 Kf5) 30. Kg4 h5+ 31. Kg3 Kf6 32. h4 gxh4+ 33. Kxh4 Rh8 34. Bb5 Ra8 35. Kxh5 (35. f4 $142) 35... Kf5 (35... Nd5 $142 36. Rd6 (36. Rb7 Ne7 $18) 36... Nc7) 36. Kh4 $1 $18 Ke5 37. Bf1 Kf5 (37... Kf6 $142 38. f4 Nd5) 38. Kg3 Rg8+ 39. Kh2 Rh8+ 40. Kg1 $2 (40. Bh3+ $18 Kf6 41. f4) 40... Rg8+ $16 41. Kh2 $2 (41. Bg2 $1 $16 Ra8 42. Bf1) 41... Rh8+ $1 $18 42. Bh3+ Kf6 {[#]} 43. f4 $1 Ra8 44. Bf1 Nd5 45. Rb1 Nb4 46. Ra1 Ke7 47. Kg3 Kd6 48. Kg4 f6 (48... Nd5 $142 49. f5 Ra7 50. fxe6 fxe6) 49. Ra4 Ra7 50. Kh5 Nd5 51. Ra1 f5 52. Rb1 Kc7 53. Kg6 Nb6 54. Kf6 c4 55. Kxe6 Rxa6 56. Kxf5 Ra5+ 57. Ke6 c3 58. Rc1 Na4 59. Ke7 Rd5 60. e4 Rd2 (60... Rd7+ $142 61. Kf6 Rd6+ 62. Ke5 Rc6) 61. Bb5 Nc5 62. Rxc3 Kb6 {[#]} 63. f3 $1 Kxb5 64. f5 Kb4 $2 {[#]} (64... Rd7+ 65. Ke8 Ra7) 65. Rxc5 $2 Kxc5 $11 {The position is equal.} 66. f6 {Black must now prevent f7.} Rf2 67. e5 {And now e6 would win.} Kd5 68. e6 {Hoping for Kf7.} Re2 {[%mdl 32768] Weighted Error Value: White=0.21 (precise) /Black=0.30. Loss on time!?} 0-1

[Event "NOR-chT Eliteserien 2021-22"]
[Site "Norway"]
[Date "2022.02.04"]
[Round "4.3"]
[White "Astrup, Kim Chr."]
[Black "Lund, Gunnar"]
[Result "1-0"]
[WhiteElo "2224"]
[BlackElo "2307"]
[Annotator "TA"]
[PlyCount "77"]
[EventDate "2021.10.29"]
[EventType "team-tourn"]
[EventCountry "NOR"]
[SourceTitle "playchess.com"]
[Source "ChessBase"]
[SourceQuality "1"]

{[%evp 10,77,12,-16,27,22,45,13,35,46,79,56,81,70,108,78,93,49,45,54,47,46,117,120,118,118,117,114,116,114,113,118,118,107,132,118,120,104,276,277,278,277,410,254,254,242,250,235,234,216,310,254,473,427,425,425,972,963,992,787,29976,6383,29977,29979,29979,29980,29980,29980,29980,29979]} 1. Nf3 Nf6 2. c4 e6 3. g3 d5 4. d4 Be7 5. Bg2 O-O 6. Nc3 c5 {E06: Closed Catalan: Early deviations.} (6... dxc4 $142 7. Ne5 Nc6) 7. cxd5 $11 Nxd5 8. Nxd5 Qxd5 {The position is equal.} 9. O-O Rd8 {[%cal Rc5d4]} 10. Be3 Qh5 11. Qb3 Nc6 {[%cal Rc5d4]} 12. dxc5 Bxc5 {[#]} 13. g4 $146 (13. Qb5 $16 Rd5 14. Ne1) ({Predecessor:} 13. Rfd1 Rxd1+ 14. Rxd1 Bxe3 15. Qxe3 h6 16. Nd4 Bd7 17. Bf3 Qa5 18. Nb3 Qc7 19. Nc5 {½-½ (27) Rozsnyai,T (2036)-Gordos,C (1809) Hungary 2018}) 13... Qd5 $14 14. Qxd5 Rxd5 15. Ne1 Bxe3 (15... Re5 $1 $14) 16. Bxd5 $16 exd5 17. fxe3 Bxg4 18. Nf3 Re8 19. Kf2 Re4 20. Rfd1 Be6 21. Rac1 h6 22. Rc3 Kf8 23. Nd4 Ne5 {[#] Loses the game.} (23... Rh4 $16 {is a better defense.}) 24. Nxe6+ $18 fxe6 25. Rd4 ({Much less strong is} 25. Rc8+ $6 Ke7 $18) 25... Rxd4 (25... Nc6 $142) 26. exd4 {[%mdl 4096] Endgame KR-KN} Nc6 27. Rb3 Nd8 28. Kf3 Ke7 29. e4 {[%cal Be2e4,Be4e5][%mdl 32]} Kd6 (29... Kf6 $142 30. e5+ Kf5) 30. h4 {[%cal Bh2h4,Bh4h5][%mdl 32]} b6 $2 {[#]} (30... g6 {was worth a try.} 31. Kf2 Ke7) 31. e5+ Kd7 32. Kf4 Nf7 (32... Nc6 $142 33. Rg3 g5+ 34. hxg5 hxg5+ 35. Ke3 b5 36. Rxg5 a5) 33. h5 Ng5 34. Rg3 a5 35. a4 (35. Rxg5 $142 hxg5+ 36. Kxg5 Ke8 37. Kg6 Kf8 38. a4 Kg8 39. h6 gxh6 40. Kxh6 (40. Kf6 h5 $18)) 35... Kd8 36. Rxg5 {White mates.} hxg5+ 37. Kxg5 Ke7 38. Kg6 Kf8 39. h6 {Weighted Error Value: White=0.13 (very precise) /Black=0.83} 1-0

[Event "NOR-chT Eliteserien 2021-22"]
[Site "Norway"]
[Date "2022.02.04"]
[Round "4.4"]
[White "Johansson, Linus"]
[Black "Lindbol, Aleksander"]
[Result "1-0"]
[WhiteElo "2473"]
[BlackElo "2222"]
[Annotator "TA"]
[PlyCount "83"]
[EventDate "2021.10.29"]
[EventType "team-tourn"]
[EventCountry "NOR"]
[SourceTitle "playchess.com"]
[Source "ChessBase"]
[SourceQuality "1"]

{[%evp 13,83,25,9,-5,18,12,28,20,31,17,28,0,0,0,0,-30,18,0,0,0,0,0,60,68,73,15,4,0,6,0,6,0,0,0,0,-18,29,0,2,2,2,3,3,8,67,74,64,69,66,72,69,73,84,84,80,91,149,147,158,146,211,213,267,77,192,176,190,182,167,0,175,129]} 1. d4 d5 2. c4 c6 3. Nc3 Nf6 4. e3 e6 5. Nf3 Nbd7 6. Be2 dxc4 7. a4 $1 {[%mdl 4] is now more promising than 7.Bxc4.} Bb4 8. Bxc4 {D45: Semi-Slav: 5 e3.} O-O 9. O-O Qc7 10. Qc2 {[#] White has an edge.} e5 $146 ({Predecessor:} 10... a5 11. Ne4 Be7 12. Nxf6+ Bxf6 13. Bd3 h6 14. Bd2 Qd6 15. Rfd1 Qe7 16. Bc3 e5 {½-½ (86) Martin Carmona,G (2333)-Gil Quilez,S (2126) Linares 2021}) 11. h3 a5 12. Bb3 h6 13. Bd2 Re8 14. Rac1 exd4 {[#]} (14... e4 $142 15. Nh4 Nb6) 15. Nb5 $1 Qb6 (15... Qb8 16. Nbxd4) 16. Bxb4 {[%cal Ob5d6]} cxb5 17. Bd2 $1 {A strong pair of Bishops.} b4 (17... Ne4 $11) 18. exd4 $14 {[%cal Od2h6]} Nf8 $1 {[#]} 19. d5 (19. Be3 $1 $16) 19... Ne4 $11 20. Rce1 Bf5 21. Be3 Qd8 {[%cal Oe4g3]} 22. Qd1 Rc8 23. Nd4 Bd7 24. Bc2 {[%cal Oe3h6]} Nf6 (24... Qf6 $142) 25. Qf3 Rxc2 26. Nxc2 {And now Bd4 would win.} Bxa4 27. Nd4 $36 {[%mdl 2048] Black should prevent b3. White is pushing.} Nxd5 28. Bc1 Ne7 {[#]} ({Black should try} 28... Ne6 $11 29. Nxe6 fxe6) 29. Qxb7 $1 $14 {White is more active.} Qxd4 30. Rxe7 Bc6 31. Qa7 Qd5 {[%csl Gc6][%cal Rd5g2]} 32. f3 Ra8 33. Qb6 Ne6 34. Ra7 Nd4 ({Better is} 34... Rxa7 35. Qxa7 Qe5) 35. Rxa8+ $16 Bxa8 36. Be3 Ne6 (36... Nb3 $16 37. Qc7 Bc6) 37. Ra1 $18 Qb3 38. Bd4 $2 (38. Rxa5 $18 {is more deadly.} Bc6 39. Qb8+ Kh7 40. Qe5) 38... Bxf3 39. gxf3 Qxf3 {White must now prevent ...Nf4.} 40. Qb8+ ({Don't go for} 40. Rxa5 $2 Nf4 41. Qb8+ Kh7 42. Qxf4 Qxf4 $19) 40... Kh7 41. Rf1 $2 (41. Qe5 $18) 41... Qe4 $2 {Prevents Be3.} (41... Qxh3 $11 {and Black stays safe.} 42. Bb6 Qg4+ 43. Kh1 Qh3+ 44. Kg1 Qg4+ 45. Kh1 Qh3+ 46. Kg1) 42. Ba7 {Weighted Error Value: White=0.22 (precise) /Black=0.24 (precise)} (42. Bb6 $18) 1-0

[Event "NOR-chT Eliteserien 2021-22"]
[Site "Norway"]
[Date "2022.02.04"]
[Round "4.4"]
[White "Holm, Kristian Stuvik"]
[Black "Sahl, Bjarke"]
[Result "1-0"]
[WhiteElo "2464"]
[BlackElo "2306"]
[Annotator "TA"]
[PlyCount "75"]
[EventDate "2021.10.29"]
[EventType "team-tourn"]
[EventCountry "NOR"]
[SourceTitle "playchess.com"]
[Source "ChessBase"]
[SourceQuality "1"]

{[%evp 22,75,22,40,25,28,27,29,38,41,54,64,105,102,123,114,104,83,83,77,134,150,141,100,157,134,190,182,337,318,366,358,331,282,450,432,487,361,518,411,505,344,855,441,491,491,494,500,405,317,304,282,358,346,910,891]} 1. d4 Nf6 2. c4 e6 3. Nc3 c5 4. d5 exd5 5. cxd5 d6 6. e4 g6 7. f4 Bg7 8. Bb5+ Nfd7 9. a4 O-O 10. Nf3 Na6 11. O-O Nb4 {11...Nb4 is better than 11...Nc7.} 12. Re1 a6 {A67: Modern Benoni: Taimanov Variation.} 13. Bf1 Nf6 14. h3 {Inhibits Bg4.} b6 {White has an edge.} 15. Be3 Bb7 16. Qd2 {[#]} Rb8 $146 (16... Ne8 $14) ({Predecessor:} 16... Re8 17. Bf2 Rc8 18. Rad1 Rc7 19. Bh4 Qa8 20. Bc4 Rd7 21. Qf2 Nh5 22. Qd2 Bh6 {1-0 (55) Bach,N (2239)-Barbosa,E (2509) Chess.com INT 2020}) 17. Bf2 $16 Ba8 18. Rad1 {White is more active.} Re8 19. g4 {[%cal Bg2g4,Bg4f5][%mdl 32]} Qd7 {[%cal Of6e4]} 20. f5 gxf5 (20... h6 $142) 21. gxf5 Kh8 22. Qf4 ({Better is} 22. Bh4) 22... Rg8 {[#]} (22... Qe7 $142) 23. Kh1 $1 Rbe8 {[#]} (23... h6 $16 24. Be2 Rbe8) 24. Bc4 $1 $18 Rb8 $2 (24... Ref8 {was called for.} 25. Rg1 Ne8) 25. Rg1 {And now Bh4 would win.} b5 26. axb5 axb5 27. Be2 Qe7 (27... Nbxd5 $142 28. Nxd5 (28. exd5 b4 $18) 28... Nxd5 29. exd5 Bxb2) 28. Bh4 Nc2 29. Bd3 b4 (29... Nd4 {keeps fighting.} 30. Rxg7 Rxg7) 30. Ne2 b3 31. Nc3 {[%cal Be2c3,Bc3d1,Bd1e3,Be3c4][%mdl 32]} Rb4 $2 (31... h6 32. Rg4 Nd4 33. Nxd4 (33. Rxg7 Kxg7 34. Nh2 Kh7 $14) 33... cxd4) 32. Rd2 Nd4 33. Rdg2 Nxf3 34. Qxf3 Rbb8 35. Nd1 c4 36. Bb1 {Hoping for Ne3.} ({Worse is} 36. Bxc4 Qxe4 37. Qxe4 Nxe4 $14) 36... Qe5 {[%cal Rf6d5]} 37. Ne3 c3 (37... Rbc8 38. Be1 c3) 38. Nc4 {[%csl LRc3,LRe5] Weighted Error Value: White=0.38/Black=0.47} 1-0

[Event "NOR-chT Eliteserien 2021-22"]
[Site "Norway"]
[Date "2022.02.04"]
[Round "4.4"]
[White "Solberg, Joachim"]
[Black "Torngren, Gustav"]
[Result "0-1"]
[WhiteElo "2216"]
[BlackElo "2229"]
[Annotator "TA"]
[PlyCount "82"]
[EventDate "2021.10.29"]
[EventType "team-tourn"]
[EventCountry "NOR"]
[SourceTitle "playchess.com"]
[Source "ChessBase"]
[SourceQuality "1"]

{[%evp 13,82,0,12,-2,-4,-7,-7,-22,-18,-23,-36,-64,-64,-77,-73,-77,-70,-75,-21,-74,-73,-72,-62,-66,-68,-63,-62,-70,-53,-61,-54,-66,-55,-74,-63,-75,-57,-68,-77,-94,-73,-71,-77,-91,-91,-91,-89,-87,-80,-87,-86,-98,-73,-91,-50,-110,-35,-108,-104,-174,-174,-287,-277,-269,-268,-277,-279,-279,-171,-298,-279]} 1. e4 c6 2. c4 d5 3. exd5 cxd5 4. cxd5 Nf6 5. Nc3 Nxd5 6. Nf3 Nc6 7. d4 a6 8. h3 {B13: Caro-Kann: Exchange Variation and Panov-Botvinnik Attack.} g6 9. Bc4 {[#]} Be6 $146 {aiming for ...Nxc3.} ({Predecessor:} 9... Nxc3 10. bxc3 Bg7 11. O-O O-O 12. a4 Na5 13. Ba2 Qc7 14. Re1 e6 15. Qd3 Bd7 {½-½ (36) Bortnyk,M (2416)-Riazantsev,A (2646) Minsk 2015}) 10. Qe2 {The position is equal.} (10. Qb3 Na5 $1 11. Qa4+ Bd7 $19) 10... Bg7 11. O-O O-O 12. Nxd5 Bxd5 13. Bxd5 Qxd5 14. Be3 Rfd8 (14... Bxd4 $6 15. Nxd4 Nxd4 16. Bxd4 Qxd4 17. Qxe7 $11) 15. Rfd1 Rd7 (15... Qe4 $17) 16. a3 (16. Ne5 $1 $11 {keeps the balance.} Rdd8 17. Nxc6 Qxc6 18. Rac1) 16... Rad8 $17 17. Rd2 Qb3 18. Rad1 Rd5 19. Rc1 Bf6 (19... Bxd4 $2 20. Nxd4 Nxd4 21. Bxd4 $18) 20. Rc3 Qa4 21. Rc1 Kg7 (21... Nxd4 22. Nxd4 Bxd4 23. Rc4 $11) (21... Bxd4 $2 22. Rc4 Qb5 23. Bxd4 $18 (23. Nxd4 Nxd4 24. Bxd4 Qd7 $11)) 22. Rcd1 Qb3 (22... Bxd4 $2 23. Nxd4 e6 24. Qe1 $1 $18) (22... Nxd4 $2 23. Bxd4 Rxd4 24. Nxd4 Rxd4 25. Rxd4 Bxd4 26. b3 $18) 23. Rc1 e6 (23... Nxd4 24. Nxd4 Rxd4 25. Bxd4 Rxd4 26. Rcd1 $14) 24. Rcd1 R8d7 {Black is much more active.} 25. Rc1 Qa4 (25... Bxd4 $2 26. Nxd4 Qa4 27. Rc4 $1 $18) 26. Qc4 Qa5 27. Rcd1 Qd8 28. b4 Ne7 29. g4 {Threatens to win with g5.} Kg8 30. Kg2 h5 31. Qe2 Nc6 32. Qc4 hxg4 33. hxg4 Qa8 (33... Bg7 $17) 34. Qe2 ({White should play} 34. Qd3 $15) 34... Rd8 (34... b5 $17 35. Kg1 Qd8) 35. Rh1 (35. Qd3 $15) 35... b5 {[%cal Rc6d4]} (35... Nxd4 $2 36. Rxd4 Rxd4 37. Nxd4 $18) (35... Bxd4 $2 36. Nxd4 Rxd4 37. Qf3 $1 $18 (37. Bxd4 Rxd4 38. Rxd4 Nxd4 $18)) 36. Rh3 (36. Kg3 $17) 36... Nxd4 $19 37. Bxd4 (37. Nxd4 $142 Bxd4 38. Rf3) 37... Rxd4 ({Don't take} 37... Bxd4 {[#]} 38. Rxd4 $1 Qc6 39. Qe3 Rxd4 40. Qe5 Rxg4+ 41. Kh2 $18) 38. Rxd4 Rxd4 (38... Bxd4 $2 {perishes.} 39. g5 $19) 39. g5 Bg7 40. Kf1 Rd8 41. Ne5 (41. Nd2 {keeps fighting.}) 41... Qd5 {Weighted Error Value: White=0.20 (precise) /Black=0.14 (very precise)} 0-1

[Event "NOR-chT Eliteserien 2021-22"]
[Site "Norway"]
[Date "2022.02.04"]
[Round "4.4"]
[White "Royset, Pal"]
[Black "Harestad, Hans Krogh"]
[Result "1-0"]
[WhiteElo "2146"]
[BlackElo "2208"]
[Annotator "TA"]
[PlyCount "69"]
[EventDate "2021.10.29"]
[EventType "team-tourn"]
[EventCountry "NOR"]
[SourceTitle "playchess.com"]
[Source "ChessBase"]
[SourceQuality "1"]

{[%evp 19,69,18,21,12,47,0,18,20,24,8,25,0,0,0,0,-17,0,-48,-35,-58,-66,-64,-41,-50,-22,-20,-15,-16,-19,-26,14,0,0,-28,4,2,2,-111,-114,-101,450,452,452,452,452,439,452,452,452,452,445,431]} 1. e4 e5 2. Bc4 Nc6 3. d3 Nf6 4. Nf3 Be7 5. O-O O-O 6. Bb3 d6 7. c3 Na5 8. Bc2 c5 9. Re1 {is the legacy move (9.Nbd2).} Qc7 10. Nbd2 Nc6 11. Nf1 {C55: Two Knights: 4 d3, 4 d4 exd4 5 e5 and Max Lange Attack.} Re8 12. Ng3 {[#]} (12. Ne3 $14 {is more appropriate.}) 12... a6 $146 ({Predecessor:} 12... h6 13. h3 Be6 14. Nf5 Bxf5 15. exf5 d5 16. Nh2 Qd6 17. Ng4 Nxg4 18. Qxg4 Rad8 {0-1 (40) Bodnaruk,A (2278)-Kovanova,B (2334) St Petersburg 2007}) 13. h3 {The position is equal.} Bd7 14. a3 b5 15. d4 cxd4 16. cxd4 exd4 17. Bb3 Qb6 18. Ng5 (18. Bf4 $11) 18... Ne5 $15 19. f4 Nc4 20. Qd3 h6 21. Nf3 d5 {[#] ...dxe4 is the strong threat.} 22. e5 Ne4 23. Nxe4 dxe4 24. Qxe4 g6 25. Kh2 (25. Qxd4 $2 Bc5 26. Be3 Bxd4 $19) (25. Nxd4 $2 Bf5 26. Qe2 (26. Qd5 $2 Rad8 $19) 26... Qxd4+ $19) 25... Bc5 {aiming for ...Bf5.} 26. Nxd4 Nxe5 27. fxe5 ({But not} 27. Qd5 Bxd4 28. Rxe5 Be6 29. Rxe6 fxe6 $17) 27... Bxd4 28. Bxh6 (28. Bf4 $11 Rad8 29. Rad1 (29. Qd5 Be6 $17)) 28... Bxe5+ $17 29. Kh1 {Threatens to win with Qd5.} Bg3 $2 {[%mdl 8192] [#] This move loses the game for Black.} (29... Bxb2 $17 {stays on course.} 30. Qf3 (30. Bxf7+ Kxf7 31. Qd3 Bd4 $17) 30... Qf6 31. Rxe8+ Rxe8 32. Qxf6 Bxf6) 30. Qf3 $18 {[%csl LRf7,LRg3][%mdl 512] White is clearly winning.} Qf2 31. Rxe8+ Rxe8 32. Bxf7+ $1 Kh7 {( -> ...Re1+)} 33. Qxf2 Bxf2 34. Bxe8 Bxe8 35. Bd2 {Weighted Error Value: White=0.19 (very precise) /Black=0.56} 1-0